Golubʹ idushchiĭ /

Bibliographic Details
Main Author: Shenkman, I︠A︡n
Format: Book
Language:Russian
Published: Sankt-Peterburg : Krasnyĭ matros, 2001.

MARC

Tag First Indicator Second Indicator Subfields
LEADER 00000cam a2200000 a 4500
001 in00001761841
005 20151025051822.0
008 020410s2001 ru a 000 0 ruso
010 |a  2003420374 
020 |z 5852632111 
035 |a (OCoLC)ocm46883582 
040 |a DLC  |c DLC  |d TXA  |d UtOrBLW 
049 |a TXAM 
050 0 0 |a PG3487.E584  |b G65 2001 
100 1 |a Shenkman, I︠A︡n. 
245 1 0 |a Golubʹ idushchiĭ /  |c I︠A︡n Shenkman. 
264 1 |a Sankt-Peterburg :  |b Krasnyĭ matros,  |c 2001. 
300 |a 61 pages :  |b illustrations ;  |c 21 cm. 
336 |a text  |b txt  |2 rdacontent 
337 |a unmediated  |b n  |2 rdamedia 
338 |a volume  |b nc  |2 rdacarrier 
948 |a cataloged  |b h  |c 2003/5/2  |d c  |e spoltoratski  |f 9:51:09 am 
994 |a E0  |b TXA 
999 |a MARS 
999 f f |s 540d1365-7033-3a07-b4e7-1f37df2a8733  |i 8985130f-5993-3eda-ac46-95defbc0a05f  |t 0 
952 f f |p ric  |a Texas A&M University  |b Rellis Campus  |c Joint Library Facility  |d Remote Storage  |t 0  |e PG3487.E584 G65 2001  |h Library of Congress classification  |i unmediated -- volume  |m A14830073137 
998 f f |a PG3487.E584 G65 2001  |t 0  |l Remote Storage